Co to za logo A-Ż ale z podpowiedziami - Statystyki

Ogólne statystyki
  • Ten quiz został rozwiązany 42 razy
  • Średni wynik to 18 z 27
Statystyki odpowiedzi
Obrazkowy Hint Odpowiedź % Poprawnych
Supermarket Biedronka
97%
Sklep budowlany Castorama
97%
Sprzedaż internetowa Allegro
91%
Nabiał Łaciate
89%
Sklep Żabka
86%
Lody Kaktus
83%
Sprzedaż internetowa Otomoto
83%
Wideo Youtube
83%
Pojazdy Dacia
80%
Przesyłki kurierskie Inpost
80%
Media społecznościowe Pinterest
80%
Kampania wyborcza Mentzen
74%
Gra Roblox
74%
Telewizja TVP 1
71%
Piłka nożna Ekstraklasa
63%
Farby Śnieżka
63%
Działalność charytatywna Unicef
63%
Sprzedaż internetowa Shein
60%
Sport Flashscore
51%
Odzież House
51%
Aplikacja Jakdojade
51%
Edukacja Librus
51%
Instytucja Zakład Ubezpieczeń Społecznych
51%
Wiadomości Gazeta.pl
31%
Wyroby ręczne Ćmielów
29%
Wiadomości Na Temat
20%
Quizy Wordwall
17%
Nie znaleziono quizów pasujących do podanych kryteriów
Rozkład punktacji
Procent ludzi z każdym wynikiem
Percentyl według liczby udzielonych odpowiedzi
Twoja historia wyników
Nie rozwiązałeś tego quizu